[Event "Landesliga Sued 0506"]
[Site "Bayern"]
[Date "2005.11.27"]
[Round "3.2"]
[White "Drexel, Michael"]
[Black "Geisler, Fabian"]
[Result "1/2-1/2"]
[WhiteElo "2239"]
[BlackElo "2254"]
[PlyCount "57"]
[EventDate "2005.10.23"]
[EventType "team-tourn"]
[EventRounds "9"]
[EventCountry "GER"]
[SourceTitle "EXT 2007"]
[Source "ChessBase"]
[SourceDate "2006.11.23"]
[SourceVersion "1"]
[SourceVersionDate "2006.11.23"]
[SourceQuality "1"]
[WhiteTeam "Bayern Muenchen II"]
[BlackTeam "Pang/Rosenheim"]
[WhiteTeamCountry "GER"]
[BlackTeamCountry "GER"]

1. d4 f5 2. Nc3 Nf6 3. Bg5 d5 4. Bxf6 exf6 5. e3 Be6 6. Qf3 Qd7 7. Nge2 Nc6 8. Nf4 0-0-0 9. Nxe6 Qxe6 10. Bd3 g6 11. 0-0-0 Kb8 12. Kb1 Ne7 13. h3 h5 14. Ne2 Bh6 15. Rc1 Nc8 16. c4 dxc4 17. Bxc4 Qe4+ 18. Qxe4 fxe4 19. Bf7 Ne7 20. g3 Rhf8 21. Bb3 f5 22. Rc5 Rf6 23. Rhc1 c6 24. h4 Rfd6 25. a3 Nd5 26. Ba2 Nf6 27. b4 Ng4 28. Rf1 Nh2 29. Rh1 1/2-1/2

[Event "Landesliga Sued 0506"]
[Site "Bayern"]
[Date "2005.11.13"]
[Round "2.2"]
[White "Joerg, Harald"]
[Black "Drexel, Michael"]
[Result "1/2-1/2"]
[WhiteElo "2215"]
[BlackElo "2239"]
[PlyCount "97"]
[EventDate "2005.10.23"]
[EventType "team-tourn"]
[EventRounds "9"]
[EventCountry "GER"]
[SourceTitle "EXT 2007"]
[Source "ChessBase"]
[SourceDate "2006.11.23"]
[SourceVersion "1"]
[SourceVersionDate "2006.11.23"]
[SourceQuality "1"]
[WhiteTeam "Muenchen Siemens"]
[BlackTeam "Bayern Muenchen II"]
[WhiteTeamCountry "GER"]
[BlackTeamCountry "GER"]

1. e4 c5 2. f4 g6 3. Nf3 Bg7 4. Nc3 Nc6 5. Bc4 e6 6. e5 d5 7. exd6 Qxd6 8. d3 b6 9. 0-0 Nge7 10. Qe1 Nf5 11. Bd2 0-0 12. Ne4 Qc7 13. Rb1 Ncd4 14. Nxd4 Nxd4 15. Bc3 Bb7 16. Bxd4 Bxd4+ 17. Kh1 Qc6 18. c3 Bg7 19. Qe2 Rad8 20. Bb3 Rd7 21. Rbd1 Rfd8 22. Bc2 Qb5 23. Rb1 Qa6 24. a3 Bc6 25. Rfd1 Qb7 26. Ng5 h6 27. Nf3 Bxf3 28. gxf3 Qc7 29. Qe4 Rd5 30. Rg1 Rf5 31. Rg4 h5 32. Rg3 Rxf4 33. Qe2 h4 34. Rg2 Qc6 35. Rf1 Rd5 36. h3 Qd6 37. Rg4 Rdf5 38. d4 Rf6 39. dxc5 Qxc5 40. Be4 Rxg4 41. hxg4 Bh6 42. Rd1 Qc7 43. Qf2 Bg5 44. Qh2 Rf4 45. Qc2 Kg7 46. Qa4 Qe5 47. Kg2 Rxe4 48. Qxe4 Qg3+ 49. Kh1 1/2-1/2

[Event "Landesliga Sued 0405"]
[Site "Bayern"]
[Date "2005.03.13"]
[Round "8.1"]
[White "Drexel, Michael"]
[Black "Wolfsteiner, Helmut"]
[Result "1-0"]
[WhiteElo "2195"]
[BlackElo "2336"]
[PlyCount "37"]
[EventDate "2004.10.24"]
[EventType "team-tourn"]
[EventRounds "9"]
[EventCountry "GER"]
[SourceTitle "EXT 2007"]
[Source "ChessBase"]
[SourceDate "2006.11.23"]
[SourceVersion "1"]
[SourceVersionDate "2006.11.23"]
[SourceQuality "1"]
[WhiteTeam "Bayern Muenchen II"]
[BlackTeam "Kriegshaber SK"]
[WhiteTeamCountry "GER"]
[BlackTeamCountry "GER"]

1. d4 Nf6 2. c4 e6 3. Nc3 d5 4. Bf4 c6 5. e3 Nbd7 6. Nf3 Be7 7. Bd3 0-0 8. 0-0 dxc4 9. Bxc4 b5 10. Bd3 Bb7 11. a3 b4 12. axb4 Bxb4 13. Ne5 c5 14. Nxd7 Qxd7 15. Bb5 Qc8 16. Bd6 Rd8 17. Be7 cxd4 18. Bxd8 dxc3 19. Bxf6 1-0

[Event "Landesliga Sued 0405"]
[Site "Bayern"]
[Date "2005.02.13"]
[Round "7.1"]
[White "Hoy, Bernd"]
[Black "Drexel, Michael"]
[Result "1/2-1/2"]
[WhiteElo "2232"]
[BlackElo "2195"]
[PlyCount "83"]
[EventDate "2004.10.24"]
[EventType "team-tourn"]
[EventRounds "9"]
[EventCountry "GER"]
[SourceTitle "EXT 2007"]
[Source "ChessBase"]
[SourceDate "2006.11.23"]
[SourceVersion "1"]
[SourceVersionDate "2006.11.23"]
[SourceQuality "1"]
[WhiteTeam "Klosterlechfeld"]
[BlackTeam "Bayern Muenchen II"]
[WhiteTeamCountry "GER"]
[BlackTeamCountry "GER"]

1. e4 c6 2. d4 d5 3. e5 c5 4. dxc5 Nc6 5. Bb5 e6 6. Nf3 Bxc5 7. 0-0 Nge7 8. c3 Ng6 9. Qe2 Bd7 10. Bd3 f6 11. exf6 gxf6 12. b4 Bd6 13. b5 Nce5 14. Nxe5 fxe5 15. Bxg6+ hxg6 16. Ba3 Qh4 17. h3 Bc7 18. c4 Qxc4 19. Qxc4 dxc4 20. Nc3 a6 21. bxa6 Rxa6 22. Bb2 b5 23. Ne4 Ke7 24. Bc3 Bc6 25. Nc5 Ra7 26. Rfe1 Bd5 27. a4 Bd6 28. Ne4 Bxe4 29. Rxe4 Rha8 30. Rb1 bxa4 31. Rxc4 a3 32. Rd1 a2 33. Rc6 Bc7 34. Kh2 Rb8 35. Ra1 Rb1 36. Rxa2 e4+ 37. Rxc7+ Rxc7 38. Bd4 Rcb7 39. Ra4 Kd7 40. Be3 R1b4 41. Ra8 Rb8 42. Ra7+ 1/2-1/2

[Event "Landesliga Sued 0304"]
[Site "Bayern"]
[Date "2004.03.07"]
[Round "7.2"]
[White "Drexel, Michael"]
[Black "Straub, Juergen"]
[Result "0-1"]
[WhiteElo "2232"]
[BlackElo "2241"]
[PlyCount "60"]
[EventDate "2003.10.12"]
[EventType "team-tourn"]
[EventRounds "9"]
[EventCountry "GER"]
[SourceTitle "EXT 2006"]
[Source "ChessBase"]
[SourceDate "2005.11.24"]
[SourceVersion "1"]
[SourceVersionDate "2005.11.24"]
[SourceQuality "1"]
[WhiteTeam "Bayern Muenchen II"]
[BlackTeam "Ingolstadt"]
[WhiteTeamCountry "GER"]
[BlackTeamCountry "GER"]

1. Nf3 c5 2. e4 e6 3. d4 cxd4 4. Nxd4 Nc6 5. Nc3 Qc7 6. Be3 Nf6 7. f3 a6 8. Qd2 Bb4 9. 0-0-0 0-0 10. g4 Nxd4 11. Qxd4 Qa5 12. a3 Bxc3 13. Qxc3 Qxc3 14. bxc3 d5 15. g5 Nh5 16. exd5 exd5 17. Rxd5 Be6 18. Rd6 Rfd8 19. Rxd8+ Rxd8 20. Bd3 Bd5 21. Rd1 Re8 22. Be4 Bxe4 23. fxe4 f5 24. Rd7 Rxe4 25. Bd4 b5 26. Rd6 f4 27. Rxa6 f3 28. Kd1 Nf4 29. Bc5 Ne6 30. Rc6 Nxc5 0-1

[Event "Landesliga Sued 0304"]
[Site "Bayern"]
[Date "2004.02.15"]
[Round "6.2"]
[White "Pezerovic, Edin"]
[Black "Drexel, Michael"]
[Result "1-0"]
[WhiteElo "2415"]
[BlackElo "2232"]
[PlyCount "57"]
[EventDate "2003.10.12"]
[EventType "team-tourn"]
[EventRounds "9"]
[EventCountry "GER"]
[SourceTitle "EXT 2006"]
[Source "ChessBase"]
[SourceDate "2005.11.24"]
[SourceVersion "1"]
[SourceVersionDate "2005.11.24"]
[SourceQuality "1"]
[WhiteTeam "Tegernsee II"]
[BlackTeam "Bayern Muenchen II"]
[WhiteTeamCountry "GER"]
[BlackTeamCountry "GER"]

1. d4 Nf6 2. Nf3 e6 3. c4 c5 4. Nc3 cxd4 5. Nxd4 Bb4 6. a3 Bxc3+ 7. bxc3 Qa5 8. Qc2 Ne4 9. Bb2 Nc5 10. Nb5 0-0 11. a4 Nba6 12. e4 b6 13. Be2 Bb7 14. f3 d5 15. exd5 exd5 16. 0-0 Rfd8 17. cxd5 Rxd5 18. Bc4 Rd7 19. Nd4 Nc7 20. Bb5 Rdd8 21. c4 Nxb5 22. axb5 Qb4 23. Ba3 Qa4 24. Qc3 Rxd4 25. Qxd4 Nb3 26. Bb2 Nxd4 27. Rxa4 Nb3 28. Ra3 Nc5 29. Rc1 1-0

[Event "Landesliga Sued 0304"]
[Site "Bayern"]
[Date "2003.12.14"]
[Round "4.2"]
[White "Bensch, Patrick"]
[Black "Drexel, Michael"]
[Result "1-0"]
[WhiteElo "2257"]
[BlackElo "2232"]
[PlyCount "77"]
[EventDate "2003.10.12"]
[EventType "team-tourn"]
[EventRounds "9"]
[EventCountry "GER"]
[SourceTitle "EXT 2006"]
[Source "ChessBase"]
[SourceDate "2005.11.24"]
[SourceVersion "1"]
[SourceVersionDate "2005.11.24"]
[SourceQuality "1"]
[WhiteTeam "Pfarrkirchen SC"]
[BlackTeam "Bayern Muenchen II"]
[WhiteTeamCountry "GER"]
[BlackTeamCountry "GER"]

1. e4 c5 2. Nf3 a6 3. c4 e6 4. d4 cxd4 5. Nxd4 Nf6 6. Nc3 d6 7. Be3 Be7 8. g3 Qc7 9. Rc1 b6 10. Bg2 Bb7 11. 0-0 Nbd7 12. Nd5 exd5 13. cxd5 Nc5 14. b4 0-0 15. Nf5 Bc8 16. bxc5 bxc5 17. Nxe7+ Qxe7 18. Re1 Ng4 19. Bd2 Ne5 20. Bc3 f6 21. h3 Ra7 22. f4 Nf7 23. Kh2 Re8 24. Rc2 Bd7 25. Rce2 Bb5 26. Re3 Qd8 27. a4 Bc4 28. Qc2 Rb7 29. Bd2 Bb5 30. axb5 axb5 31. Rb1 b4 32. Bf1 Qa8 33. Bc4 Ra7 34. Bc1 Kh8 35. Bb2 Rae7 36. Rbe1 Qb8 37. R1e2 Qc7 38. g4 h6 39. Kg2 1-0

[Event "Landesliga Sued 0304"]
[Site "Bayern"]
[Date "2003.11.02"]
[Round "2.2"]
[White "Lang, Zalan Andreas"]
[Black "Drexel, Michael"]
[Result "1/2-1/2"]
[WhiteElo "2222"]
[BlackElo "2232"]
[PlyCount "94"]
[EventDate "2003.10.12"]
[EventType "team-tourn"]
[EventRounds "9"]
[EventCountry "GER"]
[SourceTitle "EXT 2006"]
[Source "ChessBase"]
[SourceDate "2005.11.24"]
[SourceVersion "1"]
[SourceVersionDate "2005.11.24"]
[SourceQuality "1"]
[WhiteTeam "Haunstetten"]
[BlackTeam "Bayern Muenchen II"]
[WhiteTeamCountry "GER"]
[BlackTeamCountry "GER"]

1. c4 e6 2. e4 c5 3. Nf3 Nc6 4. Nc3 Nf6 5. Be2 Qb6 6. 0-0 Be7 7. b3 d6 8. Bb2 Bd7 9. Na4 Qc7 10. Nc3 Qb6 11. Nb5 Nxe4 12. Bxg7 Rg8 13. Bh6 e5 14. Kh1 Nd4 15. d3 Nxb5 16. dxe4 Nc3 17. Qd3 Nxe2 18. Qxe2 Rg6 19. Be3 Bg4 20. b4 Qc7 21. bxc5 dxc5 22. h3 Be6 23. Rfd1 Bf6 24. Nd2 Qc6 25. f3 0-0-0 26. Nb3 b6 27. Rxd8+ Kxd8 28. a4 a5 29. Nd2 Qc8 30. Nf1 Kc7 31. g4 h5 32. Ng3 hxg4 33. fxg4 Qe8 34. Nf5 Bd7 35. Qd2 Bc6 36. Qd6+ Kb7 37. Qd3 Be7 38. Kh2 Ka7 39. Ra2 Bf8 40. Ra1 Qa8 41. Ng3 Be7 42. Rf1 Qe8 43. Nf5 Bxa4 44. Bd2 Bc6 45. Ne3 Rf6 46. Nf5 Rg6 47. Ne3 Rf6 1/2-1/2

[Event "Landesliga Sued 0304"]
[Site "Bayern"]
[Date "2003.10.12"]
[Round "1.2"]
[White "Epding, Olaf"]
[Black "Drexel, Michael"]
[Result "1-0"]
[WhiteElo "2199"]
[BlackElo "2232"]
[PlyCount "59"]
[EventDate "2003.10.12"]
[EventType "team-tourn"]
[EventRounds "9"]
[EventCountry "GER"]
[SourceTitle "EXT 2006"]
[Source "ChessBase"]
[SourceDate "2005.11.24"]
[SourceVersion "1"]
[SourceVersionDate "2005.11.24"]
[SourceQuality "1"]
[WhiteTeam "Muenchen Siemens"]
[BlackTeam "Bayern Muenchen II"]
[WhiteTeamCountry "GER"]
[BlackTeamCountry "GER"]

1. e4 d5 2. exd5 Qxd5 3. Nc3 Qd8 4. d4 Nf6 5. Nf3 c6 6. h3 e6 7. Bd3 c5 8. dxc5 Bxc5 9. 0-0 h6 10. Qe2 Nbd7 11. Bf4 0-0 12. Rfd1 Qe7 13. a3 Nd5 14. Nxd5 exd5 15. b4 Qf6 16. Bg3 Bb6 17. Rab1 Rd8 18. Re1 Nf8 19. Be5 Qe7 20. Qd2 Ne6 21. Nd4 Qg5 22. Qxg5 hxg5 23. Nf5 f6 24. Bg3 Nf4 25. Ne7+ Kf7 26. Bxf4 gxf4 27. Bg6+ Kf8 28. Nxd5 Bd4 29. Nc7 Rb8 30. Rbd1 1-0

[Event "Bayern-chI Bank Hofmann 6th"]
[Site "Bad Wiessee"]
[Date "2002.11.03"]
[Round "9"]
[White "Seifert, Dierk"]
[Black "Drexel, Michael"]
[Result "0-1"]
[WhiteElo "2111"]
[BlackElo "2277"]
[PlyCount "74"]
[EventDate "2002.10.26"]
[EventType "swiss"]
[EventRounds "9"]
[EventCountry "GER"]
[SourceTitle "EXT 2003"]
[Source "ChessBase"]
[SourceDate "2002.11.25"]
[SourceVersion "1"]
[SourceVersionDate "2002.11.25"]
[SourceQuality "1"]

1. c4 e6 2. d4 d5 3. Nc3 c6 4. Nf3 dxc4 5. e4 b5 6. a4 Bb4 7. Bd2 Nf6 8. Qc2 Bb7 9. Be2 a6 10. 0-0 Nbd7 11. Rfe1 Be7 12. e5 Nd5 13. Ne4 h6 14. b3 cxb3 15. Qxb3 g5 16. Rec1 Qb6 17. a5 Qc7 18. Ne1 c5 19. Nxc5 Nxc5 20. dxc5 Bc6 21. Qg3 0-0-0 22. Nd3 f5 23. exf6 Qxg3 24. hxg3 Bxf6 25. Rab1 h5 26. Nb4 Nxb4 27. Bxb4 h4 28. Bg4 hxg3 29. Bxe6+ Kc7 30. Be1 Bd4 31. Rb3 gxf2+ 32. Bxf2 Bxf2+ 33. Kxf2 Rd2+ 34. Ke3 Rxg2 35. Kd4 Rh4+ 36. Kc3 b4+ 37. Kd3 Bb5+ 0-1